02310nam a22004457a 4500003000500000005001700005008004100022010001000063011001000073035001000083040000900093082001600102111010200118245001600220260004700236300002900283490003200312505015200344590004100496590004100537590004100578590004100619590004200660650005200702650005300754650005100807650005000858830003800908901000700946942001000953949008100963949007501044949007101119949007501190999001701265952015501282952014101437952014501578952014101723CHAP20220329135059.0971013s1984 r 10010 d a30614 a31586 a35698 cCHAP a681.763bN300aNational Conference on Agricultural Electronics Applications (d1983c: Chicago, Illinois)980323 aProceedings aSt. Joseph, Michigan :bThe Society,c1984 a2 v.b: ilus. ; gráfs. aASAE publicationv; 8, 9-84 aContenido : v.1 Field equipment irrigation and drainage.--v.2 Controlled enviroments livestock production systems materials handling and processing aBATCH-UPDb10c20130110lUCH01h1254 aBATCH-UPDb10c20130410lUCH01h0815 aBATCH-UPDb10c20130914lUCH01h0432 aBATCH-UPDb10c20130914lUCH01h2121 aCONVERSIONb10c20130109lUCH01h131714aAgriculturaxInnovaciones tecnológicas.9156514aGanaderíaxInnovaciones tecnológicas.94475514aIrrigaciónxImplementos y maquinaria.96042114aProductos agrícolasxAlmacenamiento.9918970 aASAE publicationv; 8, 9-8497836 aBK cLIBRO a681.763 N3bBCcLIBROd33724000107843eLIBROfv.1gI.129150h67442i35698si a681.763 N3bBCcLIBROd33724000107850eLIBROfv.1 c.2h69055i35698si a681.763 N3bBCcLIBROd33724000107868eLIBROfv.2h67443i35698si a681.763 N3bBCcLIBROd33724000107876eLIBROfv.2 c.2h69056i35698si c30614d30614 00102ddc4052708GRALaBCbBCcPP_GRALd2019-12-31eI.129150fLIBROl0o681.763 N3p33724000107850r2019-12-31 00:00:00tv.1 c.2w2019-12-31yLIBRO 00102ddc4052708GRALaBCbBCcPP_GRALd2019-12-31fLIBROl0o681.763 N3p33724000107868r2019-12-31 00:00:00tv.2w2019-12-31yLIBRO 00102ddc4052708GRALaBCbBCcPP_GRALd2019-12-31fLIBROl0o681.763 N3p33724000107876r2019-12-31 00:00:00tv.2 c.2w2019-12-31yLIBRO 00102ddc4052708GRALaBCbBCcPP_GRALd2019-12-31fLIBROl0o681.763 N3p33724000107843r2019-12-31 00:00:00tv.1w2019-12-31yLIBRO